Principles of macroeconomics. (Record no. 3814)

MARC details
000 -LEADER
fixed length control field 00675cam a22002292 4500
001 - CONTROL NUMBER
control field 0000018825
005 - DATE AND TIME OF LATEST TRANSACTION
control field 20151217145908.0
008 - FIXED-LENGTH DATA ELEMENTS--GENERAL INFORMATION
fixed length control field 100802s xx 000 0 eng d
020 ## - INTERNATIONAL STANDARD BOOK NUMBER
International Standard Book Number 8131501507
040 ## - CATALOGING SOURCE
Original cataloging agency KABU
Transcribing agency KABU
050 #0 - LIBRARY OF CONGRESS CALL NUMBER
Classification number HB172.5
Item number .M36 2007
100 1# - MAIN ENTRY--PERSONAL NAME
Personal name Mankiw, N. Gregory.
-- 0000148278
245 10 - TITLE STATEMENT
Title Principles of macroeconomics.
250 ## - EDITION STATEMENT
Edition statement 4th ed.
260 ## - PUBLICATION, DISTRIBUTION, ETC. (IMPRINT)
Place of publication, distribution, etc. Mason, Ohio :
Name of publisher, distributor, etc. South-Western,
Date of publication, distribution, etc. 2007.
300 ## - PHYSICAL DESCRIPTION
Extent xxxii, 583 p.
650 #0 - SUBJECT ADDED ENTRY--TOPICAL TERM
Topical term or geographic name as entry element Macroeconomics.
-- 0000149933
852 1# - LOCATION
-- p855 KES
852 1# - LOCATION
-- p855 KES
908 ## - PUT COMMAND PARAMETER (RLIN)
Put command parameter 100802
950 ## - LOCAL HOLDINGS (RLIN)
-- 1
Holdings
Withdrawn status Lost status Source of classification or shelving scheme Not for loan Home library Current library Date acquired Total Checkouts Full call number Barcode Date last seen Price effective from Koha item type Date last checked out Total Renewals
    Library of Congress Classification   Kabarak, Main Campus Kabarak, Main Campus 17/12/2015   HB172.5 .M36 2007 c. 3 24435 17/12/2015 17/12/2015 General Collection    
    Library of Congress Classification   Kabarak, Main Campus Kabarak, Main Campus 17/12/2015 8 HB172.5 .M36 2007 c. 2 24438 05/02/2026 17/12/2015 General Collection 05/02/2026  
    Library of Congress Classification   Kabarak, Main Campus Kabarak, Main Campus 17/12/2015 10 HB172.5 .M36 2007 c. 1 24439 07/10/2024 17/12/2015 General Collection 01/10/2024 1
Designed with assistance from East African Informatics Ltd